00513nam a22001697a 450000500170000001000150001702000260003203500140005803700130007208200100008510000160009524500620011126000390017327000680021230000210028050000420030120170703104241.0 aENG-118527 a9789384247904c995.00 aEN-102059 bDBAD/PUB a370.1 aPatil, A.S. aEducation thought's of Dr. A.P.J. Kalam /cby A.S. Patil aKanpurbChandralok Prakashanc2016 a132, Shivram Kripa, Mayur Park, Basant Vihar bKanpure208021 a268p. c22cm(Hb) aIncludes bibliographical reference